London’s Waterfront and its World, 1666–1800

Saved in:

Main Author: John Schofield

Format: Book

Language: Undetermined

Online Access: Login to view Source

Tags: Add Tag

No Tags, Be the first to tag this record!

Call Number:

LEADER 00449nmm a2200133Ia 4500
008 240716s9999||||xx |||||||||||||||||und||
020 |a 9781803276540 
020 |a 9781803276557 
100 |a John Schofield 
245 1 0 |a London’s Waterfront and its World, 1666–1800  |c John Schofield 
264 |b Archaeopress Archaeology  |c 21-ديسمبر-23 
856 4 0 |u http://library.arce.org:8087/Archaeopress/Products/9781803276540 
942 |2 lcc  |c EBOOK 
999 |c 58972  |d 58972